000 01100nam a2200289Ia 4500
003 OSt
005 20221005104244.0
006 a|||||r|||| 00| 0
007 ta
008 221004b |||||||| |||| 00| 0 hin d
020 _a8123010680 (hbk)
_cINR 65.00
024 _a43309
037 _b320, 11/03/2019, Eastern Book Linkers
_cTextual
040 _aCRL
_cCRL
_bhin
041 _2hin
_ahin
082 _aO152,1:gJ, P3
100 _aहरगुलाल, ले.
245 0 _aगोविंदस्वामी
246 _aGoviandaswāmī
260 _aदिल्ली
_bप्रकाशन विभाग सूचना और प्रसारण मंत्रालय भारत
_c2003
300 _a121पृ0
_ccm.
490 _aअष्टछाप कवि और उनकी रचनाएं
650 _a हिन्दी साहित्य
650 _aहिन्दी कविता
942 _hO152,1:gJ, P3
_cTEXL
_2cc
999 _c1012170
_d1012170